000 00960nam a2200229Ia 4500
003 GCL
008 140319s9999 xx 000 0 ara d
040 _aGCL /
_cGCL
082 0 4 _a005.3
_bم م
100 1 _aمجدى محمد ابوالعطا
245 1 0 _aالمرجع الاساسى لقاعدة البيانات ACCESS 2002 /
_cمجدى محمد ابوالعطا
250 _aالاولى
260 _aالقاهرة :
_bدار الفاروق للنشر والتوزيع ،
_c2002
300 _a688 ص ؛
_c24 سم
490 _aسلسلة تيسير علوم الحاسب مجموعة كتب قواعد البيانات
_v77
650 0 4 _aنظم المعلومات
650 0 4 _aاختزان واسترجاع المعلومات
650 0 4 _aالحاسبات الالكترونية - برامج
650 0 4 _aالحاسبات الالكترونية - اجهزة الادخال والاخراج
650 0 4 _aاكسيس 2002
942 _2ddc
_cBK
999 _c5406
_d5406